| 000 | 00792nam a2200217 a 4500 | ||
|---|---|---|---|
| 005 | 20230606114040.0 | ||
| 008 | 100817s1991 mx r 000 0 spa d | ||
| 020 | _a9688409006 | ||
| 035 | _aUPN01000177403 | ||
| 049 | _aCG | ||
| 050 | 4 |
_aPN2316 M4 _bP8.6 |
|
| 245 | 0 | 0 |
_aPúblicos de arte y política cultural : _bun estudio del II Festival de la Ciudad de México / _cNéstor García Canclini ... [et al.]. |
| 260 |
_aMéxico : _bUAM-Iztapalapa, _c1991. |
||
| 300 | _a182 p. | ||
| 440 | 0 | _aCSH | |
| 611 | 2 | 4 |
_aFESTIVAL DE LA CIUDAD DE MEXICO _n(2o : _d1990 : _cMEXICO) _918077 |
| 651 | 4 |
_aCiudad de México _xPolítica cultural _918075 |
|
| 650 | 4 |
_aFestivales de artes escénicas _zCiudad de México _918076 |
|
| 700 | 1 |
_aGarcía Canclini, Néstor, _d1939- _ecoaut. _930963 |
|
| 905 | _aLibro | ||
| 999 |
_c149506 _d149506 |
||